000 00554nam a2200193Ia 4500
003 OSt
005 20200203150859.0
008 190216s9999||||xx |||||||||||||| ||und||
020 _a9780074639740
040 _coclc
082 _a658.4033
_bVOH/Q
100 _aVohra, N D
_91435
245 0 _aQuantitative Techniques In Management /
_cN D Vohra
250 _a2nd ed.
260 _bTata Mcgrawhill Publishers,
_c2003.
_aNew Delhi:
300 _a929p
650 _aStatistics
942 _cBK
_2ddc
_h658.4033
_iVOH/Q
_k658.4033
_mVOH/Q
999 _c6581
_d6581